[Event "SVK-ch U10"]
[Site "Stara Lubovna"]
[Date "2014.04.07"]
[Round "3"]
[White "Bobro, Jan"]
[Black "Sobek, Michal"]
[Result "0-1"]
[WhiteElo "1291"]
[BlackElo "1393"]
[PlyCount "82"]
[EventDate "2014.04.05"]
[EventType "swiss"]
[EventRounds "9"]
[EventCountry "SVK"]
[SourceTitle "EXT 2016"]
[Source "ChessBase"]
[SourceDate "2015.10.10"]
[SourceVersion "1"]
[SourceVersionDate "2015.10.10"]
[SourceQuality "1"]

1. e4 e5 2. Nf3 Nc6 3. c3 Nf6 4. d4 exd4 5. e5 Nd5 6. cxd4 Be7 7. Bc4 Nb6 8.
Bb3 d6 9. O-O O-O 10. Nc3 Bg4 11. d5 Nxe5 12. Re1 Nxf3+ 13. gxf3 Bh3 14. Qe2
Re8 15. Bf4 Bh4 16. Qd3 Qf6 17. Bc2 g6 18. Bg3 Bxg3 19. fxg3 Bf5 20. Qd2 Bxc2
21. Qxc2 Qd4+ 22. Kf1 Qc4+ 23. Kg1 Nxd5 24. Rad1 Qc5+ 25. Kf1 Ne3+ 26. Rxe3
Rxe3 27. Qf2 Re7 28. Qd2 Rae8 29. Ne4 Qf5 30. Qf2 Rxe4 31. fxe4 Qxe4 32. Re1
Qh1+ 33. Qg1 Rxe1+ 34. Kxe1 Qxg1+ 35. Kd2 Qxh2+ 36. Kc3 Qxg3+ 37. Kc2 Qf2+ 38.
Kc3 Qxb2+ 39. Kxb2 h5 40. Kc2 h4 41. Kd2 h3 0-1

[Event "SVK-ch U16 Girls"]
[Site "Stara Lubovna"]
[Date "2014.04.07"]
[Round "3"]
[White "Poliakova, Emma"]
[Black "Gazikova, Veronika"]
[Result "0-1"]
[WhiteElo "1695"]
[BlackElo "2140"]
[PlyCount "54"]
[EventDate "2014.04.05"]
[EventType "tourn"]
[EventRounds "7"]
[EventCountry "SVK"]
[SourceTitle "EXT 2016"]
[Source "ChessBase"]
[SourceDate "2015.10.10"]
[SourceVersion "1"]
[SourceVersionDate "2015.10.10"]
[SourceQuality "1"]

1. e4 e5 2. Nf3 Nc6 3. c3 Nf6 4. d4 exd4 5. e5 Nd5 6. Qb3 Nb6 7. cxd4 d6 8. Bb5
Be6 9. Qd1 Qd7 10. O-O a6 11. Bxc6 Qxc6 12. Nc3 h6 13. Be3 d5 14. Rc1 Qd7 15.
h3 Be7 16. Qe2 g5 17. Nh2 O-O-O 18. a3 Nc4 19. Nb1 h5 20. f3 Nxe3 21. Qxe3 f6
22. Rfe1 Bf5 23. Nd2 fxe5 24. dxe5 Kb8 25. Qc3 Rh6 26. Nhf1 g4 27. Ne3 d4 0-1

[Event "Åpent Hordalandsmesterskap GP"]
[Site "Straume"]
[Date "2014.04.06"]
[Round "5"]
[White "Takle, Mikael"]
[Black "Merkesvik, Amalie Isabel"]
[Result "1-0"]
[WhiteElo "1242"]
[BlackElo "960"]
[PlyCount "79"]
[EventDate "2014.??.??"]

1. e4 e5 2. Nf3 Nc6 3. c3 Nf6 4. d4 exd4 5. e5 Nd5 6. cxd4 Bb4+ 7. Bd2 Bxd2+ 8.
Nbxd2 O-O 9. Bc4 Nf4 10. O-O d5 11. Bb3 Bg4 12. h3 Bh5 13. Qe1 Qd7 14. Kh2 Rae8
15. Qe3 Ne6 16. Rac1 f5 17. Ba4 a6 18. Qc3 Ned8 19. Nb3 b5 20. Nc5 Qe7 21. Bd1
g5 22. Qd2 g4 23. Qh6 Bg6 24. Nh4 Nf7 25. Nxg6 Nxh6 26. Nxe7+ Rxe7 27. Nb3 Nb4
28. a3 Nd3 29. Rc2 Nf4 30. hxg4 Nxg4+ 31. Bxg4 fxg4 32. Nc5 h5 33. Nxa6 h4 34.
Rfc1 Nd3 35. Rf1 Nxf2 36. Kg1 g3 37. Rxc7 Rxc7 38. Nxc7 Rf7 39. Nxd5 Rh7 40.
Nf6+ 1-0

[Event "SLO-chT (Women)"]
[Site "Ljubljana"]
[Date "2014.04.06"]
[Round "3.3"]
[White "Nadvesnik, Maja"]
[Black "Vidic, Teja"]
[Result "0-1"]
[WhiteElo "1768"]
[BlackElo "1927"]
[PlyCount "36"]
[EventDate "2014.04.04"]
[EventType "team-tourn"]
[EventRounds "7"]
[EventCountry "SLO"]
[SourceTitle "OM OTB B 201907"]
[Source "Opening Master"]
[SourceDate "2019.07.06"]
[SourceVersion "2"]
[SourceVersionDate "2019.07.06"]
[SourceQuality "1"]
[WhiteTeam "Domzale (W)"]
[BlackTeam "Komenda (W)"]
[WhiteTeamCountry "SLO"]
[BlackTeamCountry "SLO"]

1. e4 e5 2. Nf3 Nc6 3. c3 f6 4. Qa4 d5 5. Bb5 Nge7 6. exd5 Qxd5 7. O-O Bd7 8.
Bc4 Qd6 9. Qc2 O-O-O 10. b4 Bf5 11. Qb3 e4 12. Nh4 Bd7 13. g3 g5 14. Ng2 Ne5
15. a4 Nf3+ 16. Kh1 h5 17. Ba3 h4 18. b5 hxg3 0-1

[Event "ROM-ch U14 Girls"]
[Site "Calimanesti"]
[Date "2014.04.06"]
[Round "1"]
[White "Colonescu, Anna Diana"]
[Black "Secrieru, Maria Georgiana"]
[Result "1-0"]
[WhiteElo "1487"]
[BlackElo "1134"]
[PlyCount "49"]
[EventDate "2014.04.06"]
[EventType "swiss"]
[EventRounds "9"]
[EventCountry "ROU"]
[SourceTitle "CBM 160 Extra"]
[Source "ChessBase"]
[SourceDate "2014.07.01"]
[SourceVersion "1"]
[SourceVersionDate "2014.07.01"]
[SourceQuality "1"]

1. e4 e5 2. Nf3 Nc6 3. c3 Nf6 4. d3 Bc5 5. b4 Bd6 6. b5 Ne7 7. Nbd2 Ng6 8. Nc4
Qe7 9. Qc2 O-O 10. Bg5 h6 11. Bh4 Nxh4 12. Nxh4 Nxe4 13. Nf5 Qe6 14. dxe4 b6
15. Ncxd6 cxd6 16. Rd1 Qe8 17. Rxd6 Kh7 18. Qd2 f6 19. Be2 Rb8 20. g4 Rb7 21.
h4 Qg6 22. g5 Rc7 23. Rh3 hxg5 24. hxg5+ Kg8 25. Ne7+ 1-0

[Event "ROM-ch U08"]
[Site "Calimanesti"]
[Date "2014.04.06"]
[Round "1"]
[White "Craciun, Cristian Gabriel1"]
[Black "Chiculita, Cristian"]
[Result "1/2-1/2"]
[WhiteElo "1223"]
[BlackElo "1010"]
[PlyCount "118"]
[EventDate "2014.04.06"]
[EventType "swiss"]
[EventRounds "9"]
[EventCountry "ROU"]
[SourceTitle "CBM 160 Extra"]
[Source "ChessBase"]
[SourceDate "2014.07.01"]
[SourceVersion "1"]
[SourceVersionDate "2014.07.01"]
[SourceQuality "1"]

1. e4 e5 2. Nf3 Nc6 3. c3 Bc5 4. Bc4 Nf6 5. d4 exd4 6. cxd4 Bb4+ 7. Nc3 Nxe4 8.
O-O Bxc3 9. d5 Bf6 10. Re1 O-O 11. Rxe4 Na5 12. Bd3 d6 13. Rb1 Bf5 14. Re3 Bxd3
15. Qxd3 b6 16. b4 Nb7 17. Bb2 Bxb2 18. Rxb2 h6 19. Nd4 Qd7 20. Nc6 Rfe8 21.
Rbe2 Rxe3 22. Qxe3 a5 23. a3 axb4 24. Nxb4 Na5 25. Qc3 Re8 26. Rxe8+ Qxe8 27.
h3 Qe7 28. Na6 Qe2 29. Nxc7 Qd1+ 30. Kh2 Qe2 31. Qe3 Qxe3 32. fxe3 Nc4 33. Nb5
Nxe3 34. Nxd6 Nxd5 35. Nc4 Kh7 36. Kg3 Kg6 37. Kf3 b5 38. Nd6 b4 39. axb4 Nxb4
40. Ke4 Kf6 41. g4 Ke6 42. Nf5 Kf6 43. h4 g5 44. Nxh6 gxh4 45. Kf4 Nd3+ 46. Kf3
Ne1+ 47. Kf2 Nd3+ 48. Kg2 Nf4+ 49. Kf3 Ng6 50. Nf5 Kg5 51. Nd6 Kf6 52. Nf5 Ke5
53. Nh6 Ke6 54. Nf5 h3 55. Kg3 Ke5 56. Kxh3 Kf4 57. Nh6 f6 58. Ng8 f5 59. gxf5
Kxf5 1/2-1/2

[Event "ROM-ch U10 Girls"]
[Site "Calimanesti"]
[Date "2014.04.06"]
[Round "1"]
[White "Vulpe, Raisa Georgiana"]
[Black "Ciolacu, Alessia Mihaela"]
[Result "1-0"]
[WhiteElo "1252"]
[BlackElo "1001"]
[PlyCount "141"]
[EventDate "2014.04.06"]
[EventType "swiss"]
[EventRounds "9"]
[EventCountry "ROU"]
[SourceTitle "CBM 160 Extra"]
[Source "ChessBase"]
[SourceDate "2014.07.01"]
[SourceVersion "1"]
[SourceVersionDate "2014.07.01"]
[SourceQuality "1"]

1. e4 e5 2. Nf3 Nc6 3. c3 Nf6 4. Qc2 d5 5. exd5 Nxd5 6. Bc4 Bc5 7. O-O O-O 8.
d3 Nf6 9. Bg5 h6 10. Bh4 Be7 11. Nbd2 Nh5 12. Bxe7 Qxe7 13. Nb3 Qf6 14. d4 Bh3
15. Rfe1 Bf5 16. Qd2 exd4 17. Nbxd4 Qg6 18. Nxc6 bxc6 19. Nh4 Qg5 20. Qxg5 hxg5
21. Nxf5 Rfe8 22. Rad1 g6 23. Ng3 Nxg3 24. fxg3 Kg7 25. Kf2 Rxe1 26. Rxe1 Kh6
27. Rd1 Kg7 28. Rd7 Rf8 29. Rxc7 Rd8 30. Ke1 Re8+ 31. Be2 Re6 32. Rxa7 Kf6 33.
Rd7 Kg7 34. g4 c5 35. Kf2 Rf6+ 36. Bf3 Kh6 37. Rc7 Kg7 38. g3 Rd6 39. Ke1 Re6+
40. Be2 Re5 41. Rd7 Re6 42. Ra7 Kf6 43. a4 Re8 44. a5 Ke5 45. Rd7 Ra8 46. a6
Ke6 47. Rd1 Ra7 48. b4 cxb4 49. cxb4 Ke5 50. b5 Re7 51. b6 Re8 52. b7 Rb8 53.
a7 Rxb7 54. a8=Q Re7 55. Qd5+ Kf6 56. Qd6+ Re6 57. Qb4 Kg7 58. Rd6 Rxd6 59.
Qxd6 Kg8 60. Bc4 Kg7 61. Qd5 Kf6 62. Qxf7+ Ke5 63. Qe6+ Kd4 64. Qd5+ Kc3 65.
Ba6 Kb2 66. Qd3 Kc1 67. Qd2+ Kb1 68. Ke2 Ka1 69. Kd3 Kb1 70. Kc3 Ka1 71. Qb2#
1-0

[Event "ROM-ch U08"]
[Site "Calimanesti"]
[Date "2014.04.06"]
[Round "1"]
[White "Togan, Teodor Bogdan"]
[Black "Voicu, Teodor Mihnea"]
[Result "1-0"]
[WhiteElo "1257"]
[BlackElo "1013"]
[PlyCount "107"]
[EventDate "2014.04.06"]
[EventType "swiss"]
[EventRounds "9"]
[EventCountry "ROU"]
[SourceTitle "CBM 160 Extra"]
[Source "ChessBase"]
[SourceDate "2014.07.01"]
[SourceVersion "1"]
[SourceVersionDate "2014.07.01"]
[SourceQuality "1"]

1. e4 e5 2. Nf3 Nc6 3. c3 Nf6 4. d4 exd4 5. e5 Qe7 6. Qe2 Ng8 7. cxd4 Qb4+ 8.
Qd2 Qxd2+ 9. Bxd2 Bb4 10. Nc3 Bxc3 11. Bxc3 Nge7 12. Bc4 d5 13. exd6 cxd6 14.
d5 Nd8 15. O-O O-O 16. Bb4 Re8 17. Rfe1 Bd7 18. Bxd6 Nc8 19. Rxe8+ Bxe8 20. Bb4
a5 21. Bc5 b6 22. Bd4 b5 23. Bd3 f6 24. Re1 Kf7 25. Bf5 g6 26. Be6+ Nxe6 27.
dxe6+ Ke7 28. Bc5+ Nd6 29. Nd4 Rc8 30. Rc1 Rc7 31. Kf1 Kd8 32. Bb6 Ke7 33. Bxc7
Ne4 34. Bxa5 Ng5 35. Bb4+ Kd8 36. e7+ Kd7 37. Nxb5 Ke6 38. Nd4+ Ke5 39. Nf3+
Nxf3 40. gxf3 Bb5+ 41. Ke1 Ke6 42. Rc8 Bd7 43. e8=Q+ Bxe8 44. Rxe8+ Kf5 45. a4
Kf4 46. a5 Kxf3 47. a6 Kg2 48. a7 Kxh2 49. a8=Q Kh3 50. Qf3+ Kh2 51. Rh8 Kg1
52. Ke2 Kh2 53. Rxh7+ Kg1 54. Qh1# 1-0

[Event "SVK-ch U16 Girls"]
[Site "Stara Lubovna"]
[Date "2014.04.05"]
[Round "1"]
[White "Poliakova, Emma"]
[Black "Ganzova, Veronika"]
[Result "1/2-1/2"]
[WhiteElo "1695"]
[BlackElo "1404"]
[PlyCount "82"]
[EventDate "2014.04.05"]
[EventType "tourn"]
[EventRounds "7"]
[EventCountry "SVK"]
[SourceTitle "EXT 2016"]
[Source "ChessBase"]
[SourceDate "2015.10.10"]
[SourceVersion "1"]
[SourceVersionDate "2015.10.10"]
[SourceQuality "1"]

1. e4 e5 2. Nf3 Nc6 3. c3 Nf6 4. d4 exd4 5. e5 Nd5 6. cxd4 d6 7. Qb3 Nb6 8. Bb5
Bd7 9. O-O Be7 10. Nc3 O-O 11. Bd3 Kh8 12. Be3 Bg4 13. Be4 Rb8 14. exd6 Bxd6
15. h3 Bh5 16. Qb5 Bxf3 17. Bxf3 a6 18. Qd3 Qf6 19. Bxc6 bxc6 20. Qxa6 Ra8 21.
Qd3 Nd5 22. Nxd5 cxd5 23. a4 Rfb8 24. b3 Rb7 25. a5 Rab8 26. Rfb1 c6 27. a6 Ra7
28. Qd2 Rb6 29. Qe2 Qd8 30. Ra2 Qb8 31. Qd3 Qc8 32. Rba1 Qb8 33. g3 Rxb3 34.
Qc2 Rb6 35. Kg2 Qc8 36. Qe2 Kg8 37. Bd2 Qd7 38. Re1 Kf8 39. Qd3 Kg8 40. Bc3 Qc8
41. Qe2 Kf8 1/2-1/2

[Event "FICS rated standard game"]
[Site "FICS freechess.org"]
[Date "2014.04.04"]
[Round "?"]
[White "Zbigg"]
[Black "YurijNone"]
[Result "1-0"]
[WhiteElo "2186"]
[BlackElo "2043"]
[PlyCount "97"]
[EventDate "2014.??.??"]
[SourceTitle "OM Portal C 201906"]
[Source "Opening Master"]
[SourceDate "2019.06.27"]
[SourceVersion "1"]
[SourceVersionDate "2019.06.27"]
[SourceQuality "1"]

1. e4 e5 2. Nf3 Nc6 3. c3 Nf6 4. d4 exd4 5. e5 Ne4 6. Bd3 d5 7. cxd4 Bb4+ 8.
Nbd2 Bg4 9. Be2 Bxf3 10. gxf3 Nxf2 11. Kxf2 Qh4+ 12. Kg2 O-O-O 13. Nb3 f6 14.
Qd3 fxe5 15. Qf5+ Kb8 16. dxe5 Rhf8 17. Qg5 Qxg5+ 18. Bxg5 Rde8 19. Bh4 Rxe5
20. Bb5 Re3 21. Bxc6 bxc6 22. Rhf1 c5 23. Bg5 Rd3 24. Rad1 Rxd1 25. Rxd1 c6 26.
a3 c4 27. Nd4 Bc5 28. Nxc6+ Kc7 29. Ne7 d4 30. Bh4 Re8 31. Re1 Kd7 32. Nf5 Rxe1
33. Bxe1 g6 34. Ng3 Ke6 35. Ne4 Be7 36. Kf1 Kf5 37. Ke2 h5 38. Bf2 Ke5 39. Kd2
g5 40. Ng3 h4 41. Ne2 Bc5 42. Bg1 a5 43. h3 a4 44. Bh2+ Kd5 45. Bc7 Ba7 46. Bd8
d3 47. Nc3+ Ke5 48. Bxg5 Bf2 49. Nxa4 1-0

[Event "RA-2014-0-00317"]
[Site "Lechenicher SchachServer"]
[Date "2014.04.04"]
[Round "?"]
[White "Daanen, Aard"]
[Black "Morcin, Tom"]
[Result "1/2-1/2"]
[WhiteElo "2122"]
[BlackElo "2098"]
[PlyCount "47"]
[EventDate "2014.02.23"]
[EventType "tourn"]
[EventRounds "6"]
[SourceTitle "OM Corr 202003"]
[Source "Opening Master"]
[SourceDate "2019.05.30"]
[SourceVersion "2"]
[SourceVersionDate "2019.05.30"]
[SourceQuality "1"]

1. e4 e5 2. Nf3 Nc6 3. c3 d5 4. Qa4 f6 5. d3 Be6 6. Be2 Nge7 7. O-O a6 8. Nbd2
Qd7 9. d4 O-O-O 10. Rd1 Ng6 11. Nf1 dxe4 12. dxe5 exf3 13. Rxd7 fxe2 14. Rxd8+
Nxd8 15. Bf4 exf1=Q+ 16. Rxf1 fxe5 17. Be3 Bd6 18. b4 Nf4 19. Re1 Rf8 20. Bxf4
exf4 21. a3 g6 22. Qd1 Rf5 23. Qd3 Bf7 24. c4 1/2-1/2

[Event "Barcelona Primavera La Lira op 7th"]
[Site "Barcelona"]
[Date "2014.04.03"]
[Round "1"]
[White "Bertran Milia, Eduard"]
[Black "Guardia Cerda, Ricardo"]
[Result "1-0"]
[WhiteElo "1759"]
[BlackElo "1700"]
[PlyCount "55"]
[EventDate "2014.04.03"]
[EventType "swiss"]
[EventRounds "9"]
[EventCountry "ESP"]
[SourceTitle "EXT 2015"]
[Source "ChessBase"]
[SourceDate "2014.11.20"]
[SourceVersion "1"]
[SourceVersionDate "2014.11.20"]
[SourceQuality "1"]

1. e4 e5 2. Nf3 Nc6 3. c3 Nf6 4. d4 d6 5. Bc4 Nxe4 6. dxe5 Be7 7. exd6 Nxd6 8.
Be2 O-O 9. O-O Be6 10. Be3 Bf6 11. Na3 a6 12. Nc2 Qe7 13. Ncd4 Bxd4 14. Nxd4
Nxd4 15. Qxd4 Nf5 16. Qc5 Qxc5 17. Bxc5 Rfe8 18. Bf3 c6 19. b3 Bd5 20. Bg4 Re5
21. f4 Ne3 22. fxe5 Nxf1 23. Rxf1 b5 24. Bf3 Rd8 25. Rd1 Re8 26. Bxd5 Rxe5 27.
Bxc6 Rxc5 28. Rd8# 1-0

[Event "Skopje Karposh op"]
[Site "Skopje"]
[Date "2014.04.02"]
[Round "6"]
[White "Kadric, Denis"]
[Black "Demircioglu, Emre"]
[Result "1/2-1/2"]
[WhiteElo "2485"]
[BlackElo "2152"]
[PlyCount "103"]
[EventDate "2014.03.29"]
[EventType "swiss"]
[EventRounds "9"]
[EventCountry "MKD"]
[SourceTitle "CBM 159 Extra"]
[Source "ChessBase"]
[SourceDate "2014.04.24"]
[SourceVersion "1"]
[SourceVersionDate "2014.04.24"]
[SourceQuality "1"]

1. e4 e5 2. Nf3 Nc6 3. c3 Nf6 4. d3 g6 5. g3 Bg7 6. Bg2 O-O 7. O-O d5 8. Qc2 h6
9. Re1 dxe4 10. dxe4 Be6 11. b4 Ne8 12. Nbd2 Nd6 13. a4 Re8 14. Bb2 Qe7 15. Bf1
b6 16. a5 Rab8 17. axb6 axb6 18. Nh4 h5 19. Ng2 Bh6 20. Ne3 Bxe3 21. Rxe3 Ra8
22. Ree1 b5 23. Nb3 Bc4 24. Bg2 Nb7 25. Nd2 Be6 26. Nf1 Qf6 27. Ne3 Ne7 28. c4
bxc4 29. f4 Nc6 30. fxe5 Nxe5 31. Rxa8 Rxa8 32. Qc3 c5 33. b5 Nd6 34. Qxe5 Qxe5
35. Bxe5 Nxb5 36. Rc1 Ra4 37. Bf1 Nd4 38. Bxd4 cxd4 39. Nxc4 h4 40. gxh4 Kg7
41. Nd2 Ra3 42. Bc4 Rc3 43. Rxc3 dxc3 44. Bxe6 cxd2 45. Bb3 Kf6 46. Kf2 Ke5 47.
Bc2 f5 48. h5 gxh5 49. exf5 d1=Q 50. Bxd1 Kxf5 51. Bxh5 Kf6 52. Bg6 1/2-1/2

[Event "EU-chT Seniors"]
[Site "Sibenik"]
[Date "2014.04.02"]
[Round "2.18"]
[White "Borwell, Alan P"]
[Black "Karppinen, Martti"]
[Result "1-0"]
[WhiteElo "2018"]
[BlackElo "1880"]
[PlyCount "67"]
[EventDate "2014.04.01"]
[EventType "team-swiss"]
[EventRounds "9"]
[EventCountry "CRO"]
[SourceTitle "CBM 159 Extra"]
[Source "ChessBase"]
[SourceDate "2014.04.24"]
[SourceVersion "1"]
[SourceVersionDate "2014.04.24"]
[SourceQuality "1"]
[WhiteTeam "Scotland II"]
[BlackTeam "Finland III"]
[WhiteTeamCountry "SCO"]
[BlackTeamCountry "FIN"]

1. e4 e5 2. Nf3 Nc6 3. c3 Nf6 4. Qa4 Be7 5. d4 exd4 6. e5 Nd5 7. Qb3 Nb6 8.
cxd4 d5 9. a4 a5 10. Bb5 O-O 11. O-O h6 12. h3 Bf5 13. Bd3 Bxd3 14. Qxd3 Nb4
15. Qe2 Qd7 16. Nc3 Nc6 17. Be3 Nd8 18. b3 c6 19. Rad1 Ne6 20. Qd3 Rac8 21. Ne2
Qd8 22. Ng3 Ng5 23. Nxg5 Bxg5 24. f4 Be7 25. f5 Bg5 26. f6 gxf6 27. Bxg5 fxg5
28. Rf6 Qd7 29. Rdf1 Rce8 30. Nf5 Re6 31. Nxh6+ Kg7 32. Qf5 Rxf6 33. Qxf6+ Kh7
34. Nf5 1-0

[Event "Skopje Karposh op"]
[Site "Skopje"]
[Date "2014.03.31"]
[Round "4"]
[White "Imeri, Nazmedin"]
[Black "Kralevski, Aleksander"]
[Result "0-1"]
[WhiteElo "1904"]
[BlackElo "2162"]
[PlyCount "54"]
[EventDate "2014.03.29"]
[EventType "swiss"]
[EventRounds "9"]
[EventCountry "MKD"]
[SourceTitle "CBM 159 Extra"]
[Source "ChessBase"]
[SourceDate "2014.04.24"]
[SourceVersion "1"]
[SourceVersionDate "2014.04.24"]
[SourceQuality "1"]

1. e4 e5 2. Nf3 Nc6 3. c3 d5 4. exd5 Qxd5 5. c4 Qd6 6. Nc3 Bg4 7. Nb5 Qd7 8.
Be2 Nf6 9. O-O a6 10. Nc3 Bd6 11. d3 O-O 12. Bg5 Be7 13. h3 Bf5 14. Bxf6 Bxf6
15. Nd5 Bd8 16. Nh2 Nd4 17. Bg4 c6 18. Ne3 Bxg4 19. Nexg4 Bc7 20. Nf3 Nxf3+ 21.
Qxf3 f5 22. Ne3 Rad8 23. Rad1 Rf6 24. b4 g6 25. a4 Rd6 26. b5 Bb6 27. Rc1 Bc5
0-1

[Event "Skopje Karposh op"]
[Site "Skopje"]
[Date "2014.03.31"]
[Round "4"]
[White "Tscharotschkin, Michael"]
[Black "Valsecchi, Alessio"]
[Result "0-1"]
[WhiteElo "2203"]
[BlackElo "2407"]
[PlyCount "54"]
[EventDate "2014.03.29"]
[EventType "swiss"]
[EventRounds "9"]
[EventCountry "MKD"]
[SourceTitle "CBM 159 Extra"]
[Source "ChessBase"]
[SourceDate "2014.04.24"]
[SourceVersion "1"]
[SourceVersionDate "2014.04.24"]
[SourceQuality "1"]

1. e4 e5 2. Nf3 Nc6 3. c3 Nf6 4. d4 exd4 5. e5 Nd5 6. cxd4 Bb4+ 7. Bd2 Bxd2+ 8.
Nbxd2 d6 9. Qb3 dxe5 10. Bc4 Be6 11. Qxb7 Ndb4 12. Qb5 Rb8 13. Qc5 Nc2+ 14. Kd1
N2xd4 15. Bxe6 fxe6 16. Nxd4 Nxd4 17. b3 Rb5 18. Qxa7 O-O 19. Rc1 Rxf2 20. Qxc7
Rxd2+ 21. Kxd2 Nxb3+ 22. Ke2 Qd2+ 23. Kf3 e4+ 24. Kg3 Qg5+ 25. Kh3 Qh6+ 26. Kg3
Rg5+ 27. Kf2 Rf5+ 0-1

[Event "corr RSS5E NoEngine"]
[Site "www.remoteschach.de"]
[Date "2014.03.30"]
[Round "?"]
[White "Paulussen, Patricia"]
[Black "Witt, Monika"]
[Result "1-0"]
[WhiteElo "1647"]
[BlackElo "1476"]
[PlyCount "41"]
[EventDate "2014.??.??"]
[EventType "tourn (corr)"]
[SourceTitle "OM Corr 202003"]
[Source "Opening Master"]
[SourceDate "2019.05.30"]
[SourceVersion "2"]
[SourceVersionDate "2019.05.30"]
[SourceQuality "1"]

1. e4 e5 2. Nf3 Nc6 3. c3 h6 4. d4 exd4 5. Nxd4 Nxd4 6. cxd4 Bb4+ 7. Bd2 a5 8.
a3 Bxd2+ 9. Nxd2 d6 10. Bc4 c6 11. h3 Nf6 12. e5 dxe5 13. dxe5 Nd7 14. e6 fxe6
15. Qh5+ Ke7 16. Rd1 Nf6 17. Qg6 Rg8 18. Nf3 Qe8 19. Qg3 b5 20. Qd6+ Kf7 21.
Ne5# 1-0

[Event "Circuito Alagoano de Xadrez Classico - "]
[Site "?"]
[Date "2014.03.30"]
[Round "?"]
[White "Miranda Neto, Jayme Amorim"]
[Black "De Souza, Gilberto Ferreira"]
[Result "0-1"]
[WhiteElo "2114"]
[BlackElo "2057"]
[PlyCount "146"]
[EventDate "2014.??.??"]
[SourceTitle "OM OTB B 201907"]
[Source "Opening Master"]
[SourceDate "2019.07.06"]
[SourceVersion "2"]
[SourceVersionDate "2019.07.06"]
[SourceQuality "1"]

1. e4 e5 2. Nf3 Nc6 3. c3 Nf6 4. Qc2 d6 5. d4 h6 6. Be2 g6 7. O-O Bg7 8. dxe5
Nxe5 9. Nxe5 dxe5 10. b3 O-O 11. Rd1 Bd7 12. Nd2 Qe7 13. Nc4 c5 14. Ne3 Bc6 15.
f3 Rfd8 16. c4 Rac8 17. Ba3 b6 18. Nd5 Qf8 19. Rac1 Ne8 20. Rd2 Nc7 21. Bb2 Ne6
22. Rf1 Nd4 23. Qd1 Qd6 24. Bd3 h5 25. Rdf2 Ne6 26. g3 Ng5 27. Kg2 Bd7 28. Re1
Nh3 29. Rc2 Ng5 30. Bc1 Ne6 31. Rf2 Nd4 32. Ref1 f6 33. f4 exf4 34. Rxf4 f5 35.
exf5 Bxf5 36. Bxf5 Nxf5 37. Rxf5 gxf5 38. Rxf5 Qe6 39. Bg5 Qxf5 40. Ne7+ Kf8
41. Qxd8+ Rxd8 42. Nxf5 Rd1 43. Bf4 Ra1 44. a4 Rb1 45. Bd6+ Kf7 46. Bb8 a6 47.
Ba7 Rxb3 48. Nd6+ Ke6 49. Nc8 b5 50. cxb5 axb5 51. Nb6 bxa4 52. Nxa4 Ra3 53.
Nxc5+ Kd5 54. Bb6 Ra2+ 55. Kh3 Rb2 56. Ba7 Ra2 57. Bb6 Ra3 58. Bd8 Ra8 59. Bb6
Ra3 60. Bd8 Bd4 61. Nd7 Ke6 62. Bb6 Bg7 63. Nc5+ Kf5 64. Nb7 Be5 65. Bc5 Rd3
66. Bg1 Rd1 67. Bf2 Rf1 68. Kg2 Ra1 69. Kh3 Ke4 70. Nc5+ Kf3 71. Nd3 Bf6 72.
Bc5 Rd1 73. Nb2 Bxb2 0-1

[Event "Catalunya-chT"]
[Site "Catalunya"]
[Date "2014.03.29"]
[Round "10.3"]
[White "Castellano Egea, Einar"]
[Black "Pinsach Gelabert, Alexandre"]
[Result "1/2-1/2"]
[WhiteElo "2186"]
[BlackElo "2138"]
[PlyCount "95"]
[EventDate "2014.01.25"]
[EventType "team"]
[EventRounds "11"]
[EventCountry "ESP"]
[SourceTitle "EXT 2015"]
[Source "ChessBase"]
[SourceDate "2014.11.20"]
[SourceVersion "1"]
[SourceVersionDate "2014.11.20"]
[SourceQuality "1"]
[WhiteTeam "Sant Andreu"]
[BlackTeam "Figueres"]
[WhiteTeamCountry "ESP"]
[BlackTeamCountry "ESP"]

1. e4 e5 2. Nf3 Nc6 3. c3 d5 4. Qa4 Nf6 5. Nxe5 Bd6 6. exd5 Bxe5 7. dxc6 O-O 8.
Be2 Re8 9. d4 Bd6 10. Bg5 Qe7 11. Qd1 bxc6 12. Bxf6 Qxf6 13. O-O Rb8 14. b4 Qe6
15. Bf3 Ba6 16. Nd2 Bxf1 17. Nxf1 Bf4 18. Qa4 Qc4 19. Qxc6 Qxc6 20. Bxc6 Re2
21. g3 Bh6 22. Ba4 Rb6 23. h4 g5 24. hxg5 Bxg5 25. Nh2 Bd2 26. Nf3 Bxc3 27. Rc1
Rxb4 28. Bb3 Bxd4 29. Nxd4 Rxd4 30. Rxc7 a5 31. Rxf7 Kh8 32. Ra7 a4 33. Rxa4
Rxa4 34. Bxa4 Rxa2 35. Bc6 Kg7 36. Kg2 Kf6 37. g4 Ke5 38. Kg3 Ra3+ 39. f3 h6
40. Be4 Kd4 41. Kf4 Ra5 42. Bf5 Rc5 43. Bg6 Kc3 44. Ke3 Re5+ 45. Be4 h5 46. Kf4
hxg4 47. Kxe5 gxf3 48. Bxf3 1/2-1/2

[Event "HUN-chT2 Barcza 1314"]
[Site "Hungary"]
[Date "2014.03.23"]
[Round "9"]
[White "Szanto, Imre"]
[Black "Boros, Laszlo"]
[Result "0-1"]
[WhiteElo "1750"]
[BlackElo "1892"]
[PlyCount "74"]
[EventDate "2013.09.08"]
[EventType "team-tourn"]
[EventRounds "11"]
[EventCountry "HUN"]
[SourceTitle "EXT 2016"]
[Source "ChessBase"]
[SourceDate "2015.10.10"]
[SourceVersion "1"]
[SourceVersionDate "2015.10.10"]
[SourceQuality "1"]
[WhiteTeam "Hajduszoboszlo"]
[BlackTeam "Tiszavasvari"]
[WhiteTeamCountry "HUN"]
[BlackTeamCountry "HUN"]

1. e4 e5 2. Nf3 Nc6 3. c3 Nf6 4. d4 Nxe4 5. d5 Bc5 6. dxc6 Nxf2 7. Qd5 Bb6 8.
Bc4 O-O 9. Rf1 bxc6 10. Qd2 d5 11. Rxf2 Bxf2+ 12. Kxf2 e4 13. Ne5 Qh4+ 14. Kg1
dxc4 15. Nxc6 Bb7 16. Nd4 Rad8 17. Qe2 Bc8 18. Bd2 Bg4 19. Qxe4 Rfe8 20. Qf4 c5
21. Nf3 Qh5 22. h3 Bxf3 23. Qxf3 Qxf3 24. gxf3 Re2 25. b4 cxb4 26. Kf1 Rdxd2
27. Nxd2 Rxd2 28. cxb4 c3 29. Ke1 Rh2 30. Rd1 Kf8 31. Rd8+ Ke7 32. Rc8 c2 33.
f4 Rxh3 34. Rxc2 Rh1+ 35. Kd2 Rh2+ 36. Kd3 Rxc2 37. Kxc2 Kd6 0-1

[Event "Bad Woerishofen op 30th"]
[Site "Bad Woerishofen"]
[Date "2014.03.23"]
[Round "7"]
[White "Kupfer, Michael"]
[Black "Semenova, Irina"]
[Result "0-1"]
[WhiteElo "2049"]
[BlackElo "2243"]
[PlyCount "40"]
[EventDate "2014.03.21"]
[EventType "swiss"]
[EventRounds "9"]
[EventCountry "GER"]
[SourceTitle "CBM 159 Extra"]
[Source "ChessBase"]
[SourceDate "2014.04.24"]
[SourceVersion "1"]
[SourceVersionDate "2014.04.24"]
[SourceQuality "1"]

1. e4 e5 2. Nf3 Nc6 3. c3 Nf6 4. d4 Nxe4 5. d5 Ne7 6. Nxe5 Ng6 7. Qf3 Nf6 8.
Nxg6 hxg6 9. Be3 Rh5 10. g4 Rxd5 11. Bc4 Re5 12. O-O d5 13. Qg3 Re4 14. Be2
Bxg4 15. Bd3 Re6 16. Nd2 Bd6 17. Qh4 Bh5 18. Bg5 Qd7 19. c4 dxc4 20. Bxc4 Re7
0-1